[Event "Ivan Cvitanovic Mem"]
[Site "Split CRO"]
[Date "2001.05.06"]
[Round "9"]
[White "Zelic,Ml"]
[Black "Horvath,Cs"]
[Result "0-1"]
[WhiteElo "2301"]
[BlackElo "2508"]

1.e4 g6 2.d4 Bg7 3.Nc3 d6 4.f4 Nf6 5.Nf3 c5 6.Bb5+ Bd7 7.e5 Ng4 8.Bxd7+ Qxd7
9.d5 dxe5 10.h3 e4 11.Nxe4 Nf6 12.Ne5 Qa4 13.Nxf6+ exf6 14.Nf3 O-O 15.O-O f5
16.c3 Qa6 17.Ne5 Re8 18.Re1 Qd6 19.Qb3 Nd7 20.Qxb7 Bxe5 21.fxe5 Nxe5 22.Bf4 Nf3+
23.gxf3 Qxf4 24.Kg2 Qd2+ 25.Kf1 Qd3+ 26.Kf2 Rab8 27.Qd7 Rxb2+ 28.Kg3 Ree2
29.Rxe2 Qxe2 30.Qc8+ Kg7 31.Qxc5 Qh2+  0-1

[Event "XXXVI Capablanca Mem Premier I"]
[Site "Havana CUB"]
[Date "2001.05.07"]
[Round "3"]
[White "Reinaldo Castineira,R"]
[Black "Franco Ocampos,Z"]
[Result "0-1"]
[WhiteElo "2425"]
[BlackElo "2496"]

1.e4 g6 2.d4 Bg7 3.Nc3 d6 4.Be3 a6 5.Qd2 b5 6.a4 b4 7.Nd1 a5 8.c3 Nf6 9.f3 bxc3
10.bxc3 O-O 11.Bd3 e5 12.Ne2 exd4 13.cxd4 c5 14.Rc1 Ba6 15.Nf2 Bxd3 16.Nxd3 cxd4
17.Nxd4 Qd7 18.Nb5 Nc6 19.Nf4 Nb4 20.O-O Ra6 21.Rfd1 Rd8 22.Qf2 Ne8 23.Rd2 Rc8
24.Rcd1 Qe7 25.Nd5 Nxd5 26.Rxd5 Rc4 27.Bf4 Rxa4 28.Nxd6 Nxd6 29.Bxd6 Qb7
30.Bc5 h5 31.Rd8+ Kh7 32.Qe2 Rc6 33.R8d5 Qb3 34.e5 Ra2 35.Qe3 a4 36.R5d3 Qc2
37.R1d2 Qc1+ 38.Rd1 Qxe3+ 39.Bxe3 Rcc2 40.R1d2 Rxd2 41.Bxd2 a3 42.Bb4 Ra1+
43.Kf2 a2 44.Rd5 Bxe5 45.Rxe5 Rc1 46.Bc3 Rxc3 47.Ra5 Rc2+ 48.Kg3 Kg7 49.h4 Kf6
50.Kh3 Ke6 51.g4 Kd6 52.Kg3 Kc6 53.Kf4 Kb6 54.Ra8 Kb5 55.Kg5 Kb4 56.Kf6 Rf2
57.Rxa2 Rxa2 58.Kxf7 Ra6 59.gxh5 gxh5 60.f4 Kc5 61.f5 Kd5 62.f6 Ke5 63.Kg6 Rxf6+
64.Kxh5 Ke6  0-1

[Event "54th ch-RUS"]
[Site "Elista RUS"]
[Date "2001.05.08"]
[Round "8"]
[White "Sveshnikov,E"]
[Black "Zakharevich,I"]
[Result "1/2-1/2"]
[WhiteElo "2571"]
[BlackElo "2487"]

1.e4 g6 2.d4 Bg7 3.Nc3 d6 4.Be3 Nf6 5.Qd2 c6 6.f3 b5 7.g4 h5 8.g5 Nfd7 9.f4 Bb7
10.Bg2 b4 11.Nce2 c5 12.Nh3 Nc6 13.Rd1 cxd4 14.Nxd4 O-O 15.O-O Nxd4 16.Bxd4 Bxd4+
17.Qxd4 Qb6 18.Rf2 Rac8 19.Qxb6 Nxb6 20.b3 Rc5 21.f5 Nd7 22.f6 Re8 23.fxe7 Rxe7
24.Rxd6 Nf8 25.Nf4 Rxg5 26.Nd5 Bxd5 27.exd5 Nd7 28.Kf1 Kg7 29.Ra6 Rge5 30.Rd2 Nf6
31.Bf3 Rf5 32.Kg2 Re3 33.Rf2 Re1 34.Rd2 Re3 35.Rf2 Re1 36.Rd2 Re3 37.Rf2 Re1  1/2-1/2

[Event "XXXVI Capablanca Mem Mixto"]
[Site "Havana CUB"]
[Date "2001.05.12"]
[Round "7"]
[White "Lopez,B"]
[Black "Araque,R"]
[Result "1/2-1/2"]
[WhiteElo "2397"]
[BlackElo "2320"]

1.e4 g6 2.d4 Bg7 3.Nc3 d6 4.f4 Nf6 5.Nf3 O-O 6.Bd3 Nc6 7.O-O e5 8.fxe5 dxe5
9.d5 Ne7 10.Nxe5 c6 11.Bg5 cxd5 12.Bxf6 Qb6+ 13.Kh1 Bxf6 14.Nxd5 Nxd5 15.Nc4 Qd8
16.exd5 b5 17.Na5 Bd7 18.Nb7 Qb6 19.Nc5 Qxc5 20.Rxf6 Qxd5 21.Qf1 Rac8  1/2-1/2

[Event "ch-CZE"]
[Site "Kunzak CZE"]
[Date "2001.05.12"]
[Round "5"]
[White "Gross,Dav CZE"]
[Black "Vokac,M"]
[Result "1/2-1/2"]
[WhiteElo "2461"]
[BlackElo "2480"]

1.e4 g6 2.d4 Bg7 3.Nc3 d6 4.Be3 a6 5.Qd2 b5 6.f3 Nd7 7.Nh3 Bb7 8.Nf2 c5 9.Be2 cxd4
10.Bxd4 Ngf6 11.O-O O-O 12.a4 b4 13.Nd5 Nxd5 14.Bxg7 Kxg7 15.exd5 Nf6 16.Qxb4 Bxd5
17.a5 Qc7 18.c4 Be6 19.Qc3 Rfc8 20.Rfc1 Qa7 21.b3 Rab8 22.Rab1 Kg8 23.Qd2 Rc7
24.Bf1 Rbc8 25.Kh1 d5 26.cxd5 Rxc1 27.Rxc1 Rxc1 28.Qxc1 Bxd5 29.Nd3 Bxb3
30.Qc8+ Kg7 31.Nc5 Bd5 32.Bxa6 h5 33.h4 e5 34.Kh2 e4 35.fxe4 Bxe4 36.Nxe4 Nxe4
37.Bd3 Nf6 38.Qc3 Qf2 39.Kh3 Kh7 40.Qe5 Kg8 41.Qb8+ Kg7 42.Qe5 Kg8 43.Qb8+ Kg7
44.Qe5  1/2-1/2

[Event "ch-LTU"]
[Site "Kaunas LTU"]
[Date "2001.05.13"]
[Round "4"]
[White "Piesina,G"]
[Black "Labuckas,A"]
[Result "1/2-1/2"]
[WhiteElo "2389"]
[BlackElo "2356"]

1.e4 d6 2.d4 g6 3.Nc3 Bg7 4.f4 Nf6 5.Nf3 O-O 6.Bd3 Na6 7.O-O c5 8.d5 Nc7
9.Qe1 Re8 10.f5 b5 11.fxg6 hxg6 12.Bxb5 Nxb5 13.Nxb5 Qb6 14.c4 Bg4 15.Ng5 a6
16.Nc3 Qb4 17.h3 Bd7 18.Qe2 Reb8 19.Rf3 Be8 20.a3 Qb6 21.e5 dxe5 22.Qf2 e4
23.Ngxe4 Nxe4 24.Nxe4 Bd4 25.Be3 Qxb2 26.Qxb2 Rxb2 27.Nxc5 Rxg2+ 28.Kxg2 Bxa1
29.Rf1 Bb2 30.a4 a5 31.Rb1 Be5 32.Rb7 e6 33.Nd7 Bxd7 34.Rxd7 exd5 35.Rxd5 f6
36.Bb6 Rc8 37.c5 Kf7 38.Rd7+ Ke6 39.Rg7 g5 40.Ra7 Bc3 41.Ra6 Rc6 42.Ra8 Bb4
43.Bxa5 Bxc5 44.Be1 Bd4 45.a5 Kf5 46.a6 Rc1 47.Rd8 Rxe1  1/2-1/2

[Event "ch-LTU"]
[Site "Kaunas LTU"]
[Date "2001.05.14"]
[Round "6"]
[White "Malisauskas,V"]
[Black "Labuckas,A"]
[Result "1/2-1/2"]
[WhiteElo "2518"]
[BlackElo "2356"]

1.e4 d6 2.d4 g6 3.Nc3 Bg7 4.Be2 Nf6 5.Nf3 O-O 6.O-O Bg4 7.h3 Bxf3 8.Bxf3 Nc6
9.Ne2 e5 10.c3 Kh8 11.Qb3 Rb8 12.Be3 Qe8 13.d5 Na5 14.Qc2 Nc4 15.Bc1 c5 16.a4 Nb6
17.b4 Nbd7 18.Be3 Rc8 19.Qb1 Qe7 20.Ra2 Ng8 21.Bg4 cxb4 22.Qxb4 f5 23.Bf3 Nc5
24.Rb1 b6 25.a5 Nf6 26.Bxc5 bxc5 27.Qc4 fxe4 28.Bxe4 Qc7 29.Ng3 Rb8 30.Rxb8 Rxb8
31.h4 Qd7 32.Qe2 Qg4 33.Qxg4 Nxg4 34.h5 gxh5 35.Nxh5 Nf6 36.Nxf6 Bxf6 37.Kf1 Rb3
38.Ke2 h6 39.Kd3 Kg7 40.Kc4 Rb8 41.Ra1 a6 42.Rb1 Rxb1 43.Bxb1 Bd8 44.Bf5 Bxa5
45.Bc8 Kf6 46.f3 Ke7 47.Bxa6  1/2-1/2

[Event "TCh-YUG Women"]
[Site "Herceg Novi YUG"]
[Date "2001.05.15"]
[Round "2"]
[White "Ujhazi,D"]
[Black "Petrovic,Ma"]
[Result "1-0"]
[WhiteElo "2191"]
[BlackElo "2212"]

1.e4 g6 2.d4 Bg7 3.Nc3 d6 4.f4 c6 5.Nf3 Bg4 6.Be2 Qb6 7.e5 Na6 8.Ng5 Bxe2
9.Nxe2 Nh6 10.c3 Nc7 11.Qb3 d5 12.O-O e6 13.Qxb6 axb6 14.h3 Nf5 15.g4 Ne7
16.Be3 h6 17.Nf3 Kd7 18.Kg2 Bf8 19.Ng3 Na6 20.a3 c5 21.f5 Rg8 22.fxe6+ fxe6
23.Rf2 Bg7 24.Raf1 Raf8 25.Kh2 Kc6 26.g5 hxg5 27.Nxg5 Rxf2+ 28.Rxf2 Nc7 29.Rf7 Kd7
30.h4 Ke8 31.Kh3 Bh6 32.Rh7 Bg7 33.dxc5 b5 34.Bd4 Kf8 35.Ne2 Ke8 36.Nf4 Kd7
37.h5 gxh5 38.Nxh5 Bxe5 39.Bxe5 Rxg5 40.Nf6+ Kc6 41.Bxc7 Kxc7 42.Rxe7+ Kc6
43.Rxe6+ Kxc5 44.b3 Rg7 45.Re5 Rg1 46.Rxd5+ Kc6 47.Rd3 Ra1 48.b4 Rxa3 49.Ne4 Ra1
50.Kg2 Re1 51.Kf3 Rf1+ 52.Ke3 Re1+ 53.Kd4 Rh1 54.Rf3 Rd1+ 55.Ke5 Rd5+ 56.Ke6 Rd8
57.Nf6 Rd1 58.Re3 Rg1 59.Re5 b6 60.Kf7 Rf1 61.Re6+ Kb7 62.Ke7 Rd1 63.Rd6 Rh1
64.Nd5 Rh7+ 65.Ke6 Rh6+ 66.Ke5 Rh5+ 67.Kf4 Ka7 68.Nxb6 Kb7 69.Nd5 Ka7 70.Ke4 Rh4+
71.Ke5 Rg4 72.Rd7+ Ka6 73.Rd6+ Ka7 74.Re6 Rc4 75.Rb6 Rh4 76.Rxb5 Ka6 77.Ra5+ Kb7
78.Kd6 Rh6+ 79.Kc5 Rc6+ 80.Kd4 Rc8 81.Ra2 Rh8 82.Re2 Rc8 83.Re6 Rh8 84.c4 Rh4+
85.Kc5 Rh8 86.Re7+ Ka8 87.b5 Kb8 88.b6 Rh5 89.Kc6 Rh6+ 90.Kb5 Rd6 91.Nb4  1-0

[Event "ch-LTU"]
[Site "Kaunas LTU"]
[Date "2001.05.15"]
[Round "8"]
[White "Zapolskis,A"]
[Black "Labuckas,A"]
[Result "1-0"]
[WhiteElo "2420"]
[BlackElo "2356"]

1.e4 d6 2.d4 g6 3.Nc3 Bg7 4.Be2 Nf6 5.g4 h6 6.Be3 c6 7.h3 Qa5 8.Bd3 Nbd7
9.Ne2 c5 10.O-O a6 11.f4 cxd4 12.Nxd4 e5 13.Nb3 Qd8 14.f5 g5 15.a4 b6 16.Bc4 Qc7
17.Bd5 Rb8 18.Qd3 Nc5 19.Qc4 h5 20.Bxg5 hxg4 21.h4 Qa7 22.Kg2 Kf8 23.Rad1 Qc7
24.Nc1 Qd7 25.Nd3 Qe8 26.b4 b5 27.axb5 axb5 28.Qa2 Na4 29.Nxa4 bxa4 30.Qc4 Bd7
31.Qc7 Ke7 32.Nxe5 dxe5 33.Qxe5+ Kf8 34.Qd6+ Kg8 35.Bxf6 Rh6 36.e5 Bb5 37.Bxf7+ Qxf7
38.Qxb8+ Be8 39.Rd8 Kh7 40.Bxg7 Rxh4 41.Bf6 Rh3 42.Qc8 a3 43.Rfd1  1-0

[Event "XXXVI Capablanca Mem Mixto"]
[Site "Havana CUB"]
[Date "2001.05.16"]
[Round "10"]
[White "Araque,R"]
[Black "Arribas,M"]
[Result "1/2-1/2"]
[WhiteElo "2320"]
[BlackElo "2325"]

1.d4 g6 2.e4 Bg7 3.Nc3 d6 4.Bc4 Nf6 5.f3 c6 6.Bg5 b5 7.Bb3 a5 8.a4 b4 9.Nce2 Nbd7
10.Nh3 O-O 11.Nf2 Ba6 12.h4 c5 13.c3 Qb6 14.Bc2 bxc3 15.bxc3 Bxe2 16.Kxe2 cxd4
17.Rb1 Qa6+ 18.Bd3 Qa7 19.cxd4 Nh5 20.Rh3 Bxd4 21.g4 Ng7 22.Rh2 Ne6 23.Bxe7 Be5
24.Bxf8 Rxf8 25.Rg2 Nf4+ 26.Kf1 Nxg2 27.Kxg2 Nc5 28.Bc4 Qe7 29.g5 h6 30.Qd2 hxg5
31.Qxg5 Qxg5+ 32.hxg5 Nxa4 33.Rb7 Nc5 34.Ra7 Bf4 35.Nh3 Bd2 36.Bd5 Ne6 37.Kg3 Nxg5
38.Nxg5 Bxg5 39.Rxa5 Kg7 40.Ra7 Be3 41.Rd7 Bc5 42.Kg4 Kf6 43.f4 Bb4 44.Rc7 Ba5
45.Ra7  1/2-1/2

[Event "XXXVI Capablanca Mem Mixto"]
[Site "Havana CUB"]
[Date "2001.05.17"]
[Round "11"]
[White "Fleitas,Y"]
[Black "Araque,R"]
[Result "1-0"]
[WhiteElo "2226"]
[BlackElo "2320"]

1.e4 g6 2.d4 Bg7 3.Nc3 d6 4.Nf3 Nf6 5.Be2 c6 6.O-O O-O 7.Re1 b5 8.e5 Ne8
9.Bg5 f6 10.exd6 exd6 11.Bf4 d5 12.Bd3 Na6 13.a4 b4 14.Na2 Qa5 15.Bxa6 Bxa6
16.Qd2 g5 17.Qxb4 Qd8 18.Bg3 h5 19.h3 Rf7 20.Qc3 Bb7 21.Nb4 Rc8 22.Nd3 Nd6
23.Bxd6 Qxd6 24.Nc5 g4 25.hxg4 hxg4 26.Nh4 Qf4 27.Ne6 Qb8 28.Nxg7 Rxg7 29.Nf5 Rh7
30.Ne7+ Kf8 31.Ng6+ Kf7 32.Re7+ Kxg6 33.Qd3+ f5 34.Rxh7 Ba6 35.Qxa6 Kxh7
36.Re1 Rc7 37.Qd3 Rf7 38.b3 Kg6 39.Re5 Rf6 40.Qe3 Qd6 41.Re8 Kf7 42.Qe5 Rh6
43.Qxd6 Rxd6 44.Ra8 Ke6 45.Rxa7 f4 46.Kf1 Kf5 47.Re7 Rh6 48.Re5+ Kf6 49.g3 f3
50.Ke1 Rh1+ 51.Kd2 Rf1 52.Ke3 Re1+ 53.Kf4 Re2 54.Kxg4 Rxf2 55.Rf5+ Ke6 56.Rxf3 Rxc2
57.a5 Kd6 58.Kf5 Ra2 59.b4 Rb2 60.Ra3 Kc7 61.a6 Kb8 62.a7+ Ka8 63.Ra4 Rd2
64.Ke5 Rg2 65.Kd6 Rxg3 66.Kxc6 Ra3 67.Ra5 Rb3 68.Kc5 Rb1 69.b5 Rh1 70.Kxd5 Rc1
71.b6 Rb1 72.Ra6 Rb2 73.Kd6 Rb1 74.d5 Rb5 75.Ke6 Rb1 76.d6 Re1+ 77.Kf7 Rf1+
78.Ke7 Re1+ 79.Kd8 Rb1 80.d7 Rb2 81.Ke7 Re2+ 82.Kf6 Rf2+ 83.Ke5 Re2+ 84.Kf4 Rf2+
85.Ke3 Rf8 86.b7+  1-0

[Event "Open"]
[Site "Pula CRO"]
[Date "2001.05.18"]
[Round "1"]
[White "Zelcic,R"]
[Black "Djurkovic,M"]
[Result "1-0"]
[WhiteElo "2503"]
[BlackElo "2126"]

1.e4 g6 2.d4 Bg7 3.Nc3 d6 4.Bc4 Nc6 5.Nf3 Nf6 6.Qe2 Bg4 7.e5 Bxf3 8.gxf3 Nxd4
9.exf6 Nxe2 10.fxg7 Rg8 11.Kxe2 Rxg7 12.Bh6 Rg8 13.h4 c6 14.Rhe1 Qd7 15.Rad1 Qf5
16.Bg5 O-O-O 17.Kf1 d5 18.Bd3 Qh3+ 19.Kg1 f6 20.Bf1 Qxf3 21.Rd3 Qg4+ 22.Rg3 Qb4
23.a3 Qa5 24.Bd2 e5 25.Ne4 Qb6 26.Nxf6 Rgf8 27.Rb3 Qc7 28.Rf3 Rf7 29.Bh3+ Kb8
30.Rxe5 Qxe5 31.Bf4 Qxf4 32.Rxf4 Rdf8 33.Nd7+ Kc7 34.Nxf8  1-0

[Event "65th ch-BUL"]
[Site "Tsarevo BUL"]
[Date "2001.05.19"]
[Round "9"]
[White "Ninov,N"]
[Black "Chatalbashev,B"]
[Result "0-1"]
[WhiteElo "2457"]
[BlackElo "2518"]

1.e4 g6 2.d4 Bg7 3.Nc3 d6 4.f4 Nf6 5.Nf3 O-O 6.Be3 b6 7.Qd2 c5 8.O-O-O Nc6
9.d5 Na5 10.h3 Rb8 11.e5 Nd7 12.h4 dxe5 13.h5 e4 14.Nxe4 Nf6 15.Nxf6+ exf6
16.Rh4 f5 17.g3 Re8 18.hxg6 hxg6 19.Ne5 Qd6 20.Qf2 Bd7 21.Bg2 Bb5 22.Bd2 Nc4
23.Bc3 Nxe5 24.Rdh1 f6 25.fxe5 fxe5 26.g4 Bd7 27.Rh7 Re7 28.Qh4 Rf8 29.Bd2 f4
30.Be4 Qf6 31.Bxg6 Qxh4 32.R7xh4 Bf6 33.R4h2 Be8 34.Be4 Rg7 35.d6 Rxg4 36.Bh7+ Kf7
37.Bf5 Rg5 38.Rh7+ Kg8 39.d7 Rxf5 40.Rh8+ Bxh8 41.d8=Q Bg7 42.Rg1 Bg6 43.Qd5+ Kh7
44.Qg2 R8f6 45.Qf3 Rh5 46.Bc3 Rff5 47.Qb7 f3 48.Qxa7 f2 49.Rf1 Rhg5 50.Qxb6 Rg1
51.Qb5 Bh5 52.Be1 Bh6+ 53.Bd2 Rxf1+ 54.Qxf1 Be2  0-1

[Event "TCh-RUS"]
[Site "Tomsk RUS"]
[Date "2001.05.20"]
[Round "7"]
[White "Klimov,S"]
[Black "Tseshkovsky,V"]
[Result "1-0"]
[WhiteElo "2438"]
[BlackElo "2555"]

1.e4 g6 2.d4 Bg7 3.Nc3 d6 4.Be3 c6 5.Qd2 b5 6.Bd3 Nd7 7.Nf3 Nb6 8.h3 e6 9.O-O h6
10.e5 d5 11.a4 Nc4 12.Bxc4 bxc4 13.b3 cxb3 14.cxb3 a5 15.Rfc1 Ne7 16.Ne2 Qb6
17.Rab1 Nf5 18.Nf4 Ba6 19.Qc3 Kd7 20.g4 Nxe3 21.Qxe3 Bf8 22.Ne1 h5 23.g5 Ba3
24.Rc2 Rhb8 25.Ned3 Ke8 26.Nc5 Bxc5 27.Rxc5 Bc4 28.Qc3 Rb7 29.Nd3 Rab8 30.Nc1 Qb4
31.Qe3 Rb6 32.Kh2 h4 33.Rb2 Ba6 34.Rbc2 Rc8 35.R2c3 Qa3 36.Rxa5 Qa1 37.Rac5 Bb7
38.Nd3 Ba6 39.Qc1 Qxc1 40.Nxc1 Kd7 41.Na2 Rcb8 42.Nc1 Bb7 43.Rf3 Ke7 44.Rf4 Rh8
45.Ra5 Ra6 46.Rc5 Rh5 47.Rg4 Rb6 48.Kg2 Kd7 49.Kf3 Ba6 50.Rg1 Kc7 51.Ra5 Kb7
52.Ke3 Rb4 53.Rc5 Rh8 54.Rc3 Kc7 55.Na2 Rb6 56.Kd2 Rhb8 57.Nc1 Rb4 58.Rg4 Rh8
59.Rf4 Rh7 60.Rcf3 c5 61.dxc5 Rxf4 62.Rxf4 Bf1 63.Rf3 Kc6 64.b4 d4 65.Ra3 Kd5
66.a5 Ba6 67.Nd3 Rh8 68.Rb3 Bb5 69.f4 Rb8 70.Ne1 Bc4 71.Rb1 Bf1 72.Nd3 Bxh3
73.b5 Bg2 74.c6 h3 75.c7 Rh8 76.b6 Kc6 77.a6 h2 78.Nf2 Kd7 79.Rc1 Bc6 80.Rc4 Bd5
81.b7  1-0

[Event "TCh-YUG"]
[Site "Herceg Novi YUG"]
[Date "2001.05.23"]
[Round "10"]
[White "Todorovic,GM"]
[Black "Vojinovic,G"]
[Result "1/2-1/2"]
[WhiteElo "2494"]
[BlackElo "2449"]

1.e4 g6 2.d4 Bg7 3.Nc3 d6 4.Nf3 Nf6 5.Bc4 c6 6.e5 dxe5 7.Nxe5 O-O 8.O-O Nd5
9.Re1 Be6 10.Ne4 Nc7 11.Bf1 Nd7 12.Nxd7 Qxd7 13.c3 b6 14.Bf4 Nd5 15.Be5 Bxe5
16.dxe5 Rfd8 17.Qd2 Qe8 18.Qg5 Qf8 19.a3 Nc7 20.Rad1 Bd5 21.Nd2 Ne6 22.Qe3 c5
23.Be2 Qe8 24.h4 Qa4 25.g3 Ng7 26.Bf3 Bxf3 27.Qxf3 Qc2 28.Nc4 Ne6 29.Ne3 Qxb2
30.Nd5 Kf8 31.Qe3 Qb3 32.Qh6+ Ke8 33.Ne3 Rxd1 34.Rxd1 Rd8 35.Rxd8+ Nxd8 36.Qxh7 Qb1+
37.Kh2 Qe4 38.h5 Ne6 39.h6 Ng5 40.Qh8+ Kd7 41.Qb8 Nf3+ 42.Kh3  1/2-1/2

[Event "Master Open"]
[Site "Lausanne SUI"]
[Date "2001.05.23"]
[Round "3"]
[White "Ghaem Maghami,E"]
[Black "Seret,JL"]
[Result "1-0"]
[WhiteElo "2500"]
[BlackElo "2358"]

1.e4 g6 2.d4 d6 3.Nc3 Bg7 4.g3 Nc6 5.d5 Nd4 6.Bg2 c5 7.dxc6 bxc6 8.Nge2 Nxe2
9.Nxe2 Qa5+ 10.c3 Bd7 11.O-O Nf6 12.c4 O-O 13.Bd2 Qh5 14.Bc3 Ng4 15.h3 Ne5
16.f4 Nxc4 17.Bxg7 Ne3 18.Qd3 Nxg2 19.Bxf8 Rxf8 20.g4 Bxg4 21.hxg4 Qxg4 22.Qf3  1-0

[Event "6th Stuttgart Open"]
[Site "Ditzingen GER"]
[Date "2001.05.24"]
[Round "2"]
[White "Zeller,F"]
[Black "Jurasin,M"]
[Result "1-0"]
[WhiteElo "2433"]
[BlackElo "2169"]

1.e4 g6 2.d4 Bg7 3.Nc3 d6 4.Be3 Nf6 5.Qd2 h5 6.h3 c6 7.Bd3 b6 8.Nf3 Ba6 9.O-O-O Bxd3
10.Qxd3 Qc8 11.e5 Nd5 12.Nxd5 cxd5 13.exd6 e6 14.Ne5 Nd7 15.Nxg6 fxg6 16.Qxg6+ Kf8
17.Bg5 Qe8 18.Be7+ Kg8 19.Qxe6+ Kh7 20.Qf5+ Kg8 21.Qxd5+ Kh7 22.Qf5+ Kg8
23.Rhe1 Nf8 24.Qd5+ Kh7 25.Bf6  1-0

[Event "6th Stuttgart Open"]
[Site "Ditzingen GER"]
[Date "2001.05.25"]
[Round "4"]
[White "Wittmann,Ral"]
[Black "Haub,TM"]
[Result "0-1"]
[WhiteElo "2185"]
[BlackElo "2368"]

1.e4 g6 2.d4 Bg7 3.Nc3 d6 4.Be3 c6 5.Qd2 b5 6.Bd3 Nd7 7.Nf3 a6 8.O-O e5 9.dxe5 dxe5
10.Rfd1 Ngf6 11.Bh6 O-O 12.Bxg7 Kxg7 13.a4 Rb8 14.Ne2 Qe7 15.axb5 cxb5 16.Ng3 Re8
17.c3 Rb6 18.Bc2 Nc5 19.Qe3 Rc6 20.h3 Qc7 21.Nf1 Nh5 22.N1d2 Nf4 23.Nb3 Na4
24.Rab1 Be6 25.Nc1 Nb6 26.Nd3 Nxd3 27.Bxd3 h6 28.Nd2 Rd8 29.Bc2 b4 30.Bd3 bxc3
31.bxc3 Rxc3  0-1

[Event "TCh-NOR Final"]
[Site "Langesund NOR"]
[Date "2001.05.25"]
[Round "3"]
[White "Heim,S"]
[Black "Bern,I"]
[Result "1-0"]
[WhiteElo "2371"]
[BlackElo "2375"]

1.e4 g6 2.d4 Bg7 3.Nc3 d6 4.Be3 c6 5.Nf3 b5 6.e5 dxe5 7.Nxe5 Nf6 8.Bxb5 cxb5
9.Qf3 O-O 10.Qxa8 Be6 11.Qf3 b4 12.Ne2 Qc7 13.c4 bxc3 14.Nxc3 Qb6 15.Qe2 Nd5
16.Nxd5 Bxd5 17.O-O Qb7 18.f3 f6 19.Nd3 Bc4 20.b3 Ba6 21.Rfe1 Qb5 22.Rad1 e5
23.Qb2 Nc6 24.Nc5 Bc8 25.d5 Nd4 26.Bxd4 exd4 27.Qxd4 f5  1-0

[Event "6th Stuttgart Open"]
[Site "Ditzingen GER"]
[Date "2001.05.27"]
[Round "7"]
[White "Lach,B"]
[Black "Herrmann,A"]
[Result "0-1"]
[WhiteElo "2233"]
[BlackElo "2132"]

1.e4 d6 2.d4 g6 3.Nc3 Bg7 4.Nge2 c6 5.a4 Nf6 6.g3 O-O 7.Bg2 Nbd7 8.O-O Qc7
9.h3 b6 10.Be3 Bb7 11.g4 h6 12.Ng3 Kh7 13.h4 Ba6 14.Re1 Rad8 15.g5 Ng8 16.h5 e5
17.d5 c5 18.Qg4 hxg5 19.Bxg5 Bf6 20.Bh3 Bxg5 21.Qxg5 Ndf6 22.Kg2 Qe7 23.Bf5 Qe8
24.Rh1 Kg7 25.hxg6 fxg6 26.Rh2 Nh7 27.Qh4 Nhf6 28.Qh8+ Kf7 29.Be6+ Ke7 30.Qg7+ Rf7
31.Qxg6 Rh7 32.Nf5+ Kf8 33.Qxe8+ Rxe8 34.Rxh7 Nxh7 35.Nxd6 Re7 36.Bxg8 Rg7+
37.Kh2 Rxg8 38.Nf5 Ng5  0-1

[Event "IV It"]
[Site "Santo Antonio POR"]
[Date "2001.05.27"]
[Round "9"]
[White "Fernando,D"]
[Black "Spraggett,K"]
[Result "1/2-1/2"]
[WhiteElo "2404"]
[BlackElo "2526"]

1.e4 d6 2.d4 g6 3.Nc3 Bg7 4.g3 Nf6 5.Bg2 O-O 6.Nge2 e5 7.h3 b6 8.O-O Bb7
9.Re1 a6 10.a4 Re8 11.Bg5 h6 12.Be3 exd4 13.Bxd4 Nc6 14.Be3 b5 15.e5 Rxe5
16.Nd4 Qd7 17.axb5 axb5 18.Rxa8+ Bxa8 19.Ndxb5 Re8 20.Bf4 Rb8 21.Nxc7 Qxc7
22.Bxd6 Qd8 23.Bxb8 Qxb8 24.Nd5 Nh7 25.Qe2 Ne5 26.f4 Bxd5 27.Bxd5 Qxb2 28.Bb3 Qc3
29.Kg2 Qc6+ 30.Qe4 Nf6 31.Qxc6 Nxc6 32.Ba4 Nd4 33.c3 Ne6 34.Bc6 Bf8 35.Ra1 Bd6
36.Ra8+ Kg7 37.Kf3 h5 38.h4 Nc5 39.Rd8 Be7 40.Ra8 Ng4 41.Ra7 Kf6 42.Bd5 Nh6
43.Rc7 Nf5 44.Ra7 Nd6 45.c4 Nf5 46.Rc7 Nb3 47.Rb7 Nc5 48.Rc7 Nd4+ 49.Ke3 Nc2+
50.Kf3 Nb4 51.Ke3 Nc2+ 52.Kd2 Nd4 53.Ke3 Nde6 54.Bxe6 Nxe6 55.Rd7 Ng7 56.Kf3 Nf5
57.Ra7 Ke6 58.Ra5 Nd4+ 59.Ke4 Nc6 60.f5+ gxf5+ 61.Rxf5 Bd6 62.Rxh5 Bxg3 63.Rh6+ f6
64.h5 Ne5 65.Kd4 Bf2+ 66.Kc3 Kf5 67.Kb4 Kg5 68.Rh8 f5 69.Kb5 Nf7 70.Rg8+ Kxh5
71.c5 Ng5 72.Re8 Bxc5  1/2-1/2

[Event "2nd IECC"]
[Site "Ohrid MKD"]
[Date "2001.06.01"]
[Round "1"]
[White "Goloshchapov,A"]
[Black "Azmaiparashvili,Z"]
[Result "1/2-1/2"]
[WhiteElo "2528"]
[BlackElo "2670"]

1.e4 d6 2.d4 g6 3.Nc3 Bg7 4.Be3 a6 5.f4 b5 6.Bd3 Nd7 7.e5 e6 8.a4 b4 9.Ne4 Ne7
10.Nf3 O-O 11.Qe2 Bb7 12.O-O Qb8 13.Rae1 Nb6 14.a5 Bxe4 15.Bxe4 Nbd5 16.Bd2 Qb5
17.Qxb5 axb5 18.Ra1 Ra6 19.Ra2 dxe5 20.fxe5 Rfa8 21.Rfa1 c5 22.dxc5 Rc8 23.Be1 Rxc5
24.Bf2 Rc8 25.Bd3 Rb8 26.Nd4 Nc7 27.Nb3 Nc6 28.Nc5 Raa8 29.a6 Bxe5 30.Be4 Nd5
31.Bxd5 exd5 32.Nd7 Rd8 33.Nxe5 Nxe5 34.a7 d4 35.Ra6 Rd7 36.Rb6 Kg7 37.Rb8 Raxa7
38.Rxa7 Rxa7 39.Bxd4 Ra1+ 40.Kf2 f6 41.Rxb5 Rc1 42.Rb7+  1/2-1/2

[Event "Open"]
[Site "Fourmies FRA"]
[Date "2001.06.03"]
[Round "4"]
[White "Shchekachev,A"]
[Black "Hoerstmann,Ma"]
[Result "1-0"]
[WhiteElo "2543"]
[BlackElo "2338"]

1.e4 g6 2.d4 Bg7 3.Nc3 d6 4.Be3 a6 5.Nf3 b5 6.Bd3 Bb7 7.a4 b4 8.Ne2 Nd7 9.c3 Ngf6
10.Ng3 bxc3 11.bxc3 c5 12.a5 Qc7 13.O-O O-O 14.h3 d5 15.e5 Ne4 16.Bxe4 dxe4
17.Ng5 Bd5 18.N5xe4 Qc6 19.Qa4 Qxa4 20.Rxa4 Rab8 21.Raa1 Rb3 22.Rfc1 Rfb8
23.Nd2 Rb2 24.Ne2 e6 25.Nf4 Bc6 26.Nd3 R2b7 27.Rd1 Bd5 28.Rdc1 Bc6 29.f4 cxd4
30.Bxd4 Bf8 31.Kf2 Be7 32.g3 Rb5 33.c4 R5b7 34.Ke3 Bd8 35.h4 h5 36.Nf2 Kg7
37.Nfe4 Be7 38.c5 Rc7 39.Nd6 Bd5 40.Rab1 Kf8 41.N2e4 Bd8 42.Ng5 Bxg5 43.fxg5 Ba2
44.Rb6 Nxb6 45.axb6 Rxb6 46.cxb6 Rxc1 47.b7 Rb1 48.Ba7  1-0

[Event "2nd IECC"]
[Site "Ohrid MKD"]
[Date "2001.06.03"]
[Round "3"]
[White "Moreno Carnero,J"]
[Black "Nijboer,F"]
[Result "1-0"]
[WhiteElo "2480"]
[BlackElo "2580"]

1.e4 d6 2.d4 g6 3.Nc3 Bg7 4.Be3 c6 5.Qd2 b5 6.Bd3 Nf6 7.h3 Nbd7 8.Nf3 O-O
9.O-O Qc7 10.Ne2 Rb8 11.Ng3 e5 12.Bh6 Ne8 13.c3 Nb6 14.b3 a5 15.Rfe1 a4 16.Rab1 Ra8
17.Rbc1 axb3 18.axb3 Be6 19.c4 bxc4 20.Bxc4 Bxc4 21.bxc4 c5 22.dxe5 dxe5
23.Nf1 Rd8 24.Qe3 f6 25.Rc2 Qc6 26.Qc1 Bxh6 27.Qxh6 Nd6 28.N3d2 Nf7 29.Qh4 Ng5
30.Ne3 Rd4 31.f3 Rfd8 32.Qf2 Kg7 33.Nd5 Qa4 34.Rec1 Nd7 35.Nf1 Qc6 36.Rb2 Ne6
37.Nfe3 Nf4 38.Nxf4 exf4 39.Nd5 Qd6 40.Rb7 g5 41.Ra1 Rf8 42.Raa7 Rf7 43.Qb2 Rd1+
44.Kh2 h5 45.Rxd7 Rxd7 46.Rxd7+ Qxd7 47.Qxf6+  1-0

[Event "2nd IECC"]
[Site "Ohrid MKD"]
[Date "2001.06.03"]
[Round "3"]
[White "Baklan,V"]
[Black "Kantsler,B"]
[Result "1/2-1/2"]
[WhiteElo "2613"]
[BlackElo "2507"]

1.e4 g6 2.d4 Bg7 3.Nc3 d6 4.f4 Nf6 5.Nf3 O-O 6.Bd3 Na6 7.O-O c5 8.d5 Bg4
9.Bc4 Nd7 10.h3 Bxf3 11.Rxf3 Nc7 12.a4 a6 13.Qd3 Rb8 14.Kh1 Nb6 15.Bb3 Nd7
16.a5 b5 17.axb6 Nxb6 18.Na4 Nd7 19.Bc4 Nb5 20.c3 Qa5 21.Bd2 Rb7 22.Rff1 Qc7
23.Ra2 Rfb8 24.Qc2 Qd8 25.Be3 Rc8 26.Qf2 Rbb8 27.g4 Qc7 28.Bd2 Qb7 29.g5 Rf8
30.Qg2 Nc7 31.Be3 Rbe8 32.e5 dxe5 33.Nxc5 Nxc5 34.Bxc5 Nb5 35.d6 Nxd6 36.Qxb7 Nxb7
37.Bb6 Nd6 38.Bxa6 Ne4 39.Re1 Ng3+ 40.Kg2 exf4 41.Bc5 Nf5 42.Bd3 Ne3+ 43.Bxe3  1/2-1/2

[Event "2nd IECC"]
[Site "Ohrid MKD"]
[Date "2001.06.05"]
[Round "5"]
[White "Dancevski,O"]
[Black "Korchnoi,V"]
[Result "1/2-1/2"]
[WhiteElo "2428"]
[BlackElo "2643"]

1.d4 g6 2.e4 Bg7 3.Nc3 d6 4.f4 Nf6 5.Nf3 c5 6.d5 O-O 7.Bd3 Qb6 8.Nd2 e6 9.Nc4 Qd8
10.Ne3 exd5 11.exd5 Na6 12.O-O Re8 13.Kh1 Bd7 14.Qf3 Nb4 15.Bd2 Nxd3 16.cxd3 Bf5
17.Nxf5 gxf5 18.h3 Qd7 19.Nd1 b5 20.Bc3 b4 21.Bd2 Qb5 22.Rc1 Kh8 23.g4 fxg4
24.hxg4 Nxg4 25.Qxg4 Qxd3 26.Rf2 Qxd5+ 27.Qf3 Qxf3+ 28.Rxf3 Re2 29.Rd3 Rg8
30.Ne3 Bxb2 31.Re1 Rxe1+ 32.Bxe1 Re8 33.Bf2 Bd4 34.Kg2 d5 35.Kf3 Bxe3 36.Rxe3 Rxe3+
37.Kxe3 a5 38.Kd3 c4+ 39.Kd4 b3 40.axb3 cxb3 41.Kc3 a4 42.Bd4+ Kg8 43.Kb4 h5
44.Kxa4 h4 45.Kxb3 h3 46.Bg1 Kg7 47.Kc3 Kg6 48.Kd4 Kf5 49.Bh2 Kg4 50.f5  1/2-1/2

[Event "FSIM June"]
[Site "Budapest HUN"]
[Date "2001.06.06"]
[Round "5"]
[White "Resika,N"]
[Black "Dobos,J"]
[Result "1/2-1/2"]
[WhiteElo "2246"]
[BlackElo "2310"]

1.e4 g6 2.d4 Bg7 3.Nc3 d6 4.f4 Nf6 5.Nf3 O-O 6.Bd3 Na6 7.O-O c5 8.d5 Bg4
9.Qe1 Nb4 10.a3 Nxd3 11.cxd3 Bxf3 12.Rxf3 e6 13.dxe6 fxe6 14.Kh1 Qd7 15.Be3 b6
16.Qh4 d5 17.Bg1 Rf7 18.Raf1 Raf8 19.f5 gxf5 20.exf5 exf5 21.Rxf5 d4 22.Ne4 Nxe4
23.Rxf7 Rxf7 24.Rxf7  1/2-1/2

[Event "2nd IECC"]
[Site "Ohrid MKD"]
[Date "2001.06.06"]
[Round "6"]
[White "Kacheishvili,G"]
[Black "Jaracz,P"]
[Result "1-0"]
[WhiteElo "2570"]
[BlackElo "2484"]

1.d4 g6 2.e4 Bg7 3.Nc3 d6 4.Nge2 Nc6 5.Be3 Nf6 6.f3 e5 7.Qd2 d5 8.dxe5 Nxe5
9.Ng3 dxe4 10.Qxd8+ Kxd8 11.O-O-O+ Bd7 12.Ngxe4 Nxe4 13.Nxe4 Kc8 14.Bd4 Rd8
15.Bc3 Bc6 16.Be2 Bxe4 17.fxe4 c6 18.Rhf1 Rf8 19.Bb4 Rd8 20.Bd6 Rxd6 21.Rxd6 Kc7
22.Rdd1 h5 23.c3 Re8 24.Kc2 a5 25.a4 Bf8 26.h3 Be7 27.Rb1 Ra8 28.Kb3 Kd7
29.Rbd1+ Ke8 30.Bc4 Bc5 31.Rf6 Ke7 32.Rff1 Rh8 33.Be2 Ra8 34.Kc2 Ke6 35.Kd2 Be7
36.Bd3 Bc5 37.Ke2 Ke7 38.Rb1 Bd6 39.Bc2 Nc4 40.Rfd1 Be5 41.Rd3 Bg7 42.Rdd1 Be5
43.Bb3 Nd6 44.Kf3 Rh8 45.Rd3 g5 46.Bc2 Rh6 47.Ke2 Re6 48.Rf1 Kf8 49.Bb3 Re7
50.Rfd1 Nxe4 51.Rd8+ Kg7 52.R1d7 Rxd7 53.Rxd7 Nd6 54.Bxf7 Nxf7 55.Rxb7 Kf6
56.Ra7 Ke6 57.Rxa5 Nd6 58.Rc5 Bf4 59.Rxc6 Kd5 60.Rb6 Nc4 61.Rb4 Kc5 62.b3 Ne5
63.a5 Nc6 64.a6 Bc7 65.Rb7  1-0